[Event "85th ch-St Petersburg SF"]
[Site "St Petersburg RUS"]
[Date "2012.02.03"]
[Round "7.3"]
[White "Martynov,P2"]
[Black "Malakhov,I"]
[Result "0-1"]
[BlackTitle "FM"]
[WhiteElo "2237"]
[BlackElo "2422"]
[WhiteFideId "4122186"]
[BlackFideId "4183088"]
[EventDate "2012.01.28"]

1. e4 c5 2. Nf3 e6 3. Nc3 a6 4. d4 cxd4 5. Nxd4 Nc6 6. g3 Nge7 7. Nb3 b5 8. Bg2
Ng6 9. Be3 Nge5 10. Qe2 Bb4 11. O-O O-O 12. Kh1 Nc4 13. Bc1 Bb7 14. a4 Bxc3 15.
bxc3 Qf6 16. e5 Qe7 17. Bf4 Rfc8 18. h4 Rab8 19. axb5 axb5 20. Rfd1 h6 21. h5
Nd8 22. Ra7 Bxg2+ 23. Kxg2 Rb7 24. Rxb7 Nxb7 25. Qg4 Kf8 26. Qf3 d5 27. Nd4 Nc5
28. Nxb5 Nd7 29. Qd3 Ndxe5 30. Qh7 Qd7 31. Qh8+ Ke7 32. Qxg7 Qxb5 33. Bxe5 Ne3+
34. fxe3 Qe2+ 35. Kh3 Qxh5+ 36. Kg2 Qe2+ 37. Kh3 Qxd1 38. Bf6+ Kd6 39. Qxf7 Qh1+
40. Kg4 Qe4+ 41. Kh3 h5 42. Be7+ Kc6 43. Qf1 Ra8 44. Qb1 Ra2 45. Bd8 Rb2 46. Qf1
Qg4+ 47. Kh2 Rxc2+ 48. Kh1 Qe4+ 49. Kg1 Qxe3+ 0-1

[Event "85th ch-St Petersburg SF"]
[Site "St Petersburg RUS"]
[Date "2012.02.03"]
[Round "7.4"]
[White "Solovyov,V"]
[Black "Sichinava,Z"]
[Result "0-1"]
[WhiteElo "2293"]
[BlackElo "2315"]
[WhiteFideId "4102754"]
[BlackFideId "24111716"]
[EventDate "2012.01.28"]

1. d4 Nf6 2. c4 c5 3. d5 b5 4. cxb5 a6 5. bxa6 Bxa6 6. Nc3 d6 7. Nf3 Nbd7 8. Nd2
g6 9. e4 Bxf1 10. Nxf1 Bg7 11. Ne3 O-O 12. O-O Qb6 13. Rb1 Rfb8 14. Qc2 Ne8 15.
Bd2 Nc7 16. b3 Qa6 17. a4 Ne5 18. h3 Qd3 19. Qxd3 Nxd3 20. Nc4 f5 21. f3 fxe4
22. fxe4 Rb7 23. Ne2 Ne8 24. Kh2 Ne5 25. a5 Rab8 26. Nb6 Nc7 27. b4 cxb4 28.
Rxb4 Na6 29. Ra4 Nc5 30. Rb4 Ra7 31. Rb5 Nc4 32. Rxc5 Nxd2 33. Rd1 dxc5 34. Rxd2
Rxa5 35. Nc4 Ra4 36. Rc2 Rbb4 37. Nd2 Rb2 38. Rxb2 Bxb2 39. Kg3 c4 40. Nf3 c3
41. Nfd4 Rc4 42. Nc2 Rxe4 43. Kf3 Re5 44. Nf4 g5 45. Nd3 Rxd5 46. Ke4 e6 47. g4
h6 48. Ne3 Rd8 49. Nc4 Rc8 50. Ncxb2 cxb2 51. Nxb2 Rc2 52. Nd3 Rh2 53. Nc5 Kf7
54. Ke5 Rxh3 55. Nxe6 Re3+ 56. Kf5 Rf3+ 57. Ke5 Kg6 58. Ke4 Rf6 59. Ke5 Rxe6+
60. Kxe6 h5 61. Ke5 hxg4 62. Ke4 0-1

[Event "85th ch-St Petersburg SF"]
[Site "St Petersburg RUS"]
[Date "2012.02.03"]
[Round "7.5"]
[White "Ganichev,Alex"]
[Black "Barhudarian,R"]
[Result "1/2-1/2"]
[BlackTitle "FM"]
[WhiteElo "2275"]
[BlackElo "2333"]
[WhiteFideId "24143944"]
[BlackFideId "4182685"]
[EventDate "2012.01.28"]

1. e4 g6 2. d4 Bg7 3. Nc3 d6 4. Bg5 c6 5. Qd2 Qa5 6. f4 Nf6 7. Nf3 b5 8. Bd3 b4
9. Ne2 Ba6 10. O-O Bxd3 11. Qxd3 Qa6 12. Qe3 O-O 13. f5 Nbd7 14. Ng3 Rae8 15. a3
bxa3 16. Rxa3 Qb6 17. Rfa1 Ng4 18. Qd2 Qxb2 19. R3a2 Qb6 20. Rxa7 Nde5 21. Kh1
Nxf3 22. gxf3 Nf6 23. e5 dxe5 24. dxe5 Nd5 25. c4 Bxe5 26. cxd5 Bxa1 27. Rxa1
cxd5 28. Re1 Qb3 29. Bh6 Qxf3+ 30. Qg2 Qxg2+ 31. Kxg2 Ra8 32. Bxf8 Kxf8 33. h4
Ra4 34. Kh3 Ra3 35. Kg2 Ra4 36. Kh3 Ra3 37. Kg2 Ra2+ 38. Kh3 Ra3 39. Kg2 Ra2+
40. Kh3 gxf5 41. Nxf5 e6 42. Ng3 Ke7 43. Kg4 Ra4+ 44. Kg5 f6+ 45. Kh5 Kd6 46.
Rf1 f5 47. Ne2 d4 48. Nf4 e5 49. Nh3 f4 50. Ng5 d3 51. Kg4 h6 52. Nf7+ Kd5 53.
Nxh6 Kd4 54. Nf7 e4 55. h5 d2 56. h6 Ra8 57. h7 e3 58. Ra1 Kd3 59. Ne5+ Ke4 60.
Rxa8 d1=Q+ 61. Kg5 Qg1+ 62. Ng4 Kf3 63. h8=Q Qxg4+ 64. Kf6 Qg2 65. Qh5+ Qg4 66.
Qh2 Qg2 67. Qh5+ Qg4 1/2-1/2

[Event "85th ch-St Petersburg SF"]
[Site "St Petersburg RUS"]
[Date "2012.02.03"]
[Round "7.6"]
[White "Bazeev,G"]
[Black "Vunder,A"]
[Result "1/2-1/2"]
[WhiteElo "2315"]
[BlackElo "2271"]
[WhiteFideId "24119350"]
[BlackFideId "4128338"]
[EventDate "2012.01.28"]

1. Nf3 d5 2. d4 Nf6 3. c4 e6 4. Nc3 Be7 5. Bg5 h6 6. Bh4 O-O 7. e3 b6 8. Bd3 Bb7
9. O-O Nbd7 10. Qe2 c5 11. Rfd1 Ne4 12. Bg3 cxd4 13. exd4 Nxg3 14. hxg3 Nf6 15.
Ne5 dxc4 16. Bxc4 Bb4 17. Bb3 Bxc3 18. bxc3 Rc8 19. Rac1 Rc7 20. c4 Qc8 21. Qe3
Rd8 22. Re1 Ba8 23. Rcd1 b5 24. c5 Bd5 25. g4 Bxb3 26. axb3 Nd5 27. Qd2 b4 28.
Ra1 Nc3 29. Qf4 Nd5 30. Qg3 Nc3 31. Nf3 Rd5 32. Kh1 Qd8 33. Re5 Rcd7 34. Rxd5
Rxd5 35. Rxa7 Ne2 36. Qc7 Qxc7 37. Rxc7 Nxd4 38. Nxd4 Rxd4 39. Rc8+ Kh7 40. Rb8
Rd1+ 41. Kh2 Rc1 42. Rxb4 Rxc5 43. Rc4 Rxc4 44. bxc4 Kg6 45. Kg3 Kf6 46. Kf4 Ke7
47. Ke5 Kd7 48. Kd4 Kc6 49. Kc3 Kc5 50. f3 f6 51. Kd3 g6 52. f4 f5 53. gxf5 exf5
54. Kc3 g5 55. fxg5 1/2-1/2

[Event "85th ch-St Petersburg SF"]
[Site "St Petersburg RUS"]
[Date "2012.02.03"]
[Round "7.7"]
[White "Shpartko,G"]
[Black "Duzhakov,I"]
[Result "1/2-1/2"]
[BlackTitle "FM"]
[WhiteElo "2129"]
[BlackElo "2303"]
[WhiteFideId "24122254"]
[BlackFideId "4192516"]
[EventDate "2012.01.28"]

1. Nf3 d5 2. e3 Nf6 3. b3 c5 4. Bb2 Nc6 5. Bb5 Qb6 6. a4 a6 7. a5 Qc7 8. Be5 Qd8
9. Bxc6+ bxc6 10. Nc3 Bg4 11. Ra4 Bxf3 12. Qxf3 Nd7 13. Bg3 g6 14. e4 d4 15. Nd1
e5 16. h4 h5 17. Nb2 Bg7 18. Nc4 O-O 19. O-O Qe7 20. Qe2 Rae8 21. Nb6 Nb8 22.
Qc4 Kh7 23. b4 cxb4 24. Qxb4 Qe6 25. Qc4 Qg4 26. Ra3 Qxe4 27. c3 Rd8 28. f4 exf4
29. Rxf4 Qc2 30. Ra2 Qd1+ 31. Rf1 Qg4 32. Kh2 Qe6 33. cxd4 Qxc4 34. Nxc4 Rxd4
35. Rc2 f5 36. Rb1 Nd7 37. Rb7 Nf6 38. Ne5 f4 39. Bf2 Rd5 40. Bc5 Re8 41. Be7
Ng8 42. Nxc6 Nh6 43. d4 Kh8 44. Rc5 Ng4+ 45. Kh1 Rd6 46. Rc1 Rd5 47. Rc5 Rd6 48.
Rc1 Rd5 1/2-1/2

[Event "85th ch-St Petersburg SF"]
[Site "St Petersburg RUS"]
[Date "2012.02.03"]
[Round "7.8"]
[White "Monin,N"]
[Black "Kitsis,A"]
[Result "1-0"]
[WhiteTitle "IM"]
[WhiteElo "2360"]
[BlackElo "2195"]
[WhiteFideId "4104013"]
[BlackFideId "4184025"]
[EventDate "2012.01.28"]

1. d4 Nf6 2. Nf3 g6 3. c4 Bg7 4. Nc3 d5 5. e3 O-O 6. cxd5 Nxd5 7. Bc4 Nxc3 8.
bxc3 c5 9. O-O Nc6 10. Ba3 cxd4 11. cxd4 Na5 12. Be2 Be6 13. Qa4 b6 14. Rac1
Bxa2 15. Bxe7 Qxe7 16. Qxa2 Nb7 17. Ba6 Nd6 18. Rc6 Rfd8 19. Rfc1 h6 20. h4 Rd7
21. g3 Qe4 22. Ne1 Rad8 23. Bd3 Qe7 24. Bxg6 Kh8 25. Bb1 f5 26. Ng2 b5 27. Nf4
Kh7 28. R1c5 Rf8 29. Rd5 Rf6 30. Nh5 Rf8 31. Qa3 Qf7 32. Rcxd6 Rxd6 33. Rxf5
Qxf5 34. Bxf5+ Rxf5 35. Qd3 Rd5 36. g4 1-0

[Event "85th ch-St Petersburg SF"]
[Site "St Petersburg RUS"]
[Date "2012.02.03"]
[Round "7.9"]
[White "Belenkaya,D"]
[Black "Donskov,Ana"]
[Result "0-1"]
[WhiteTitle "WFM"]
[BlackTitle "FM"]
[WhiteElo "2208"]
[BlackElo "2306"]
[WhiteFideId "24142654"]
[BlackFideId "24143413"]
[EventDate "2012.01.28"]

1. e4 c5 2. Nf3 Nc6 3. Bb5 g6 4. O-O Bg7 5. Re1 Nf6 6. c3 O-O 7. h3 d5 8. e5 Ne8
9. d4 cxd4 10. cxd4 Nc7 11. Ba4 b5 12. Bc2 Ne6 13. Be3 Qb6 14. Nc3 Rd8 15. Ne2
a5 16. Qd2 Ba6 17. Rad1 Rac8 18. h4 a4 19. b3 axb3 20. Bxb3 Na5 21. Qb4 Nc6 22.
Qd2 b4 23. Bg5 Bxe2 24. Rxe2 Rc7 25. Ree1 Na5 26. Rb1 f6 27. Bf4 f5 28. Bg5 Nxg5
29. hxg5 e6 30. Rec1 Rdc8 31. Rxc7 Rxc7 32. a3 bxa3 33. Qa2 Rb7 34. Bc2 Qxb1+
35. Bxb1 Bf8 36. Qc2 Rb2 37. Qc1 Nb3 38. Qc6 Rxb1+ 39. Kh2 Kf7 40. Qb7+ Be7 41.
Ne1 Nd2 42. Qc8 Rxe1 43. Qc2 Re2 44. Qd1 Rxf2 45. Kg3 Ne4+ 46. Kh2 a2 0-1

[Event "85th ch-St Petersburg SF"]
[Site "St Petersburg RUS"]
[Date "2012.02.03"]
[Round "7.10"]
[White "Golovankov,V"]
[Black "Skvortsov,Alexander"]
[Result "1-0"]
[WhiteElo "2288"]
[BlackElo "2169"]
[WhiteFideId "4129423"]
[BlackFideId "24170038"]
[EventDate "2012.01.28"]

1. d4 Nf6 2. Nf3 d5 3. Bf4 c5 4. e3 Nc6 5. c3 Bg4 6. h3 Bxf3 7. Qxf3 e6 8. Nd2
Bd6 9. Bg5 cxd4 10. exd4 h6 11. Be3 Qb6 12. O-O-O O-O-O 13. g4 Kb8 14. Bg2 Rc8
15. Kb1 Ka8 16. Ka1 Na5 17. h4 Nc4 18. Nxc4 Rxc4 19. g5 Ne4 20. Qe2 f5 21. Bxe4
fxe4 22. gxh6 gxh6 23. h5 Qa5 24. Kb1 b5 25. Rhg1 b4 26. cxb4 Qxb4 27. Qd2 Qb6
28. Rc1 Bb4 29. Qd1 Rhc8 30. Rxc4 dxc4 31. Qc2 Qc6 32. Rg4 Rb8 33. Qxe4 Qxe4+
34. Rxe4 Ba3 35. b3 cxb3 36. axb3 Rxb3+ 37. Ka2 Rc3 38. Rxe6 Bc1 39. d5 Kb7 40.
Kb1 Ba3 41. Rxh6 a5 42. Rb6+ Kc7 43. h6 Bf8 44. h7 Bg7 45. Rg6 Be5 46. Bf4 1-0

[Event "85th ch-St Petersburg SF"]
[Site "St Petersburg RUS"]
[Date "2012.02.03"]
[Round "7.11"]
[White "Vorobjev,D"]
[Black "Balaian,Ali"]
[Result "1-0"]
[WhiteElo "2223"]
[BlackElo "2232"]
[WhiteFideId "24112178"]
[BlackFideId "24115347"]
[EventDate "2012.01.28"]

1. e4 e6 2. d4 d5 3. Nc3 Bb4 4. exd5 exd5 5. a3 Be7 6. Bd3 Bf6 7. Nf3 Ne7 8. h3
Nbc6 9. Ne2 O-O 10. g4 g6 11. Bh6 Re8 12. Qd2 Nxd4 13. Nfxd4 c5 14. Bb5 cxd4 15.
Bxe8 Qxe8 16. O-O-O Nc6 17. Nf4 Qd8 18. Rhe1 Ne5 19. Qxd4 Bxg4 20. Nxd5 Bh8 21.
hxg4 Nf3 22. Re8+ 1-0

[Event "85th ch-St Petersburg SF"]
[Site "St Petersburg RUS"]
[Date "2012.02.03"]
[Round "7.12"]
[White "Panov,Ivan"]
[Black "Pershin,Denis"]
[Result "0-1"]
[WhiteElo "2006"]
[BlackElo "2096"]
[WhiteFideId "24177750"]
[BlackFideId "24165506"]
[EventDate "2012.01.28"]

1. e4 c5 2. Nf3 Nc6 3. c4 g6 4. d4 cxd4 5. Nxd4 Bg7 6. Be3 d6 7. Nc3 Nf6 8. Be2
O-O 9. O-O Bd7 10. Rc1 Rc8 11. f3 Re8 12. Qd2 Qa5 13. Rfd1 Red8 14. a3 Be6 15.
b4 Qc7 16. Nxe6 fxe6 17. Qa2 Nd7 18. Nb5 Qb8 19. c5 Nf8 20. cxd6 exd6 21. Bc4
Kf7 22. f4 a6 23. Bxe6+ Nxe6 24. f5 gxf5 25. exf5 d5 26. fxe6+ Kg8 27. Rxd5 Rxd5
28. Qxd5 axb5 29. e7+ Kh8 30. Qf7 Qe5 31. Bg5 Nxe7 32. Rxc8+ Nxc8 33. h4 Qe1+ 0-1

[Event "85th ch-St Petersburg SF"]
[Site "St Petersburg RUS"]
[Date "2012.02.03"]
[Round "7.13"]
[White "Sheynin,I"]
[Black "Vlasov,Eg"]
[Result "0-1"]
[WhiteElo "2093"]
[BlackElo "2287"]
[WhiteFideId "4186230"]
[BlackFideId "4146360"]
[EventDate "2012.01.28"]

1. e4 e5 2. Nf3 Nc6 3. d4 exd4 4. Nxd4 Bc5 5. Be3 Qf6 6. c3 Nge7 7. Bc4 Ne5 8.
Be2 Qg6 9. O-O d6 10. f4 Qxe4 11. Bf2 Bxd4 12. cxd4 N5g6 13. g3 O-O 14. Bf3 Qf5
15. Nc3 d5 16. Re1 c6 17. b4 Bd7 18. a4 Nc8 19. h4 Re8 20. Rxe8+ Bxe8 21. Bg4
Qf6 22. Qe2 Nd6 23. Re1 Rd8 24. b5 Nf8 25. Qe5 Bd7 26. Qxf6 gxf6 27. Bf3 Re8 28.
Rxe8 Nxe8 29. Be2 Nd6 30. Bd3 Ne6 31. f5 Ng7 32. g4 h5 33. Bg3 Nc8 34. bxc6 bxc6
35. g5 fxg5 36. f6 gxh4 37. Be5 Nf5 38. a5 Nfd6 39. Na4 Kf8 40. Nc5 Ke8 41. Be2
Bg4 42. Bd3 Nc4 43. Bc7 N4d6 44. Kh2 Nb5 45. Be5 Ncd6 46. Kg2 Nc4 47. Bb8 Nxa5
48. Bxb5 cxb5 49. Bxa7 b4 50. Nd3 b3 0-1

[Event "85th ch-St Petersburg SF"]
[Site "St Petersburg RUS"]
[Date "2012.02.03"]
[Round "7.14"]
[White "Korennoi,V"]
[Black "Dubovsky,A"]
[Result "1-0"]
[WhiteElo "2251"]
[BlackElo "1976"]
[WhiteFideId "24110140"]
[BlackFideId "4168747"]
[EventDate "2012.01.28"]

1. d4 Nf6 2. c4 g6 3. Nc3 Bg7 4. e4 d6 5. Nf3 O-O 6. Be2 e5 7. O-O Nbd7 8. Re1
c6 9. Bf1 Ne8 10. Bg5 f6 11. Bh4 g5 12. Bg3 g4 13. Nh4 exd4 14. Ne2 c5 15. Bf4
Ne5 16. Nf5 Bxf5 17. exf5 Qd7 18. Ng3 h5 19. Bxe5 fxe5 20. Bd3 Nf6 21. Qd2 Qf7
22. Qg5 Rae8 23. Rac1 Rd8 24. Ne4 Qe8 25. Nxf6+ Rxf6 26. Be4 Rd7 27. Rcd1 Kh8
28. Rd3 Qf7 29. h3 Bh6 30. Qh4 Bf4 31. hxg4 Rh6 32. g5 Bxg5 33. Qxg5 Qg7 34. Rg3
b6 35. Qd2 Qf8 36. Rg6 Rdh7 37. Qg5 a5 38. f4 h4 39. Bd5 Rxg6 40. fxg6 Rh6 41.
g7+ Qxg7 42. Qd8+ Kh7 43. Be4+ Rg6 44. Qxh4+ 1-0

[Event "85th ch-St Petersburg SF"]
[Site "St Petersburg RUS"]
[Date "2012.02.03"]
[Round "7.15"]
[White "Gorbatenko,A"]
[Black "Saveliev,Alexei"]
[Result "1/2-1/2"]
[WhiteElo "2082"]
[BlackElo "2074"]
[WhiteFideId "4145976"]
[BlackFideId "24128546"]
[EventDate "2012.01.28"]

1. d4 Nf6 2. c4 e6 3. Nc3 d5 4. cxd5 exd5 5. Bg5 c6 6. Qc2 Be7 7. e3 O-O 8. Bd3
h6 9. Bh4 Be6 10. Nf3 Nbd7 11. h3 Ne8 12. Bxe7 Qxe7 13. O-O-O Nd6 14. g4 f5 15.
gxf5 Bxf5 16. Ne1 Ne4 17. Bxe4 Bxe4 18. Nxe4 dxe4 19. Ng2 Rae8 20. Nf4 Qf7 21.
Rhg1 Qxa2 22. Rg6 Rf7 23. Rdg1 Kh7 24. f3 Qa1+ 25. Kd2 Qa5+ 26. Kc1 Qa1+ 27. Kd2
Qa5+ 28. Kc1 Qa1+ 29. Kd2 Qa5+ 30. Kc1 Qa1+ 1/2-1/2

[Event "85th ch-St Petersburg SF"]
[Site "St Petersburg RUS"]
[Date "2012.02.04"]
[Round "8.2"]
[White "Malakhov,I"]
[Black "Sichinava,Z"]
[Result "0-1"]
[WhiteTitle "FM"]
[WhiteElo "2422"]
[BlackElo "2315"]
[WhiteFideId "4183088"]
[BlackFideId "24111716"]
[EventDate "2012.01.28"]

1. c4 Nf6 2. Nf3 e6 3. g3 d5 4. Bg2 Be7 5. O-O O-O 6. b3 a5 7. Nc3 d4 8. Nb5 Nc6
9. e3 e5 10. exd4 e4 11. Ne5 Nxd4 12. Bb2 Nxb5 13. cxb5 Be6 14. Rc1 Qd5 15. a4
Rfd8 16. d4 Rac8 17. Nc4 Bg4 18. Ne3 Bxd1 19. Nxd5 Nxd5 20. Rfxd1 f5 21. f3 Bg5
22. Rc5 b6 23. Rc6 Nb4 24. fxe4 Nxc6 25. bxc6 fxe4 26. Bxe4 Be3+ 27. Kh1 Rf8 28.
Bd5+ Kh8 29. Be6 Rcd8 30. Ba3 Rf2 31. d5 Rc2 32. Bd7 Bc5 33. Bxc5 Rxc5 34. d6
cxd6 35. Rxd6 Rc2 36. Kg1 g6 37. Rf6 Kg7 38. Rf4 Ra8 39. h4 h5 40. Re4 Ra7 41.
g4 hxg4 42. Rxg4 Kf6 43. Rf4+ Ke5 44. Rg4 Ra8 45. Rxg6 Rh8 46. Rg5+ Kd6 47. h5
Kc7 48. Rg7 Kb8 49. Rg5 Rc5 50. Rg7 Rhxh5 51. Kf2 Rc3 52. Ke2 Rh2+ 53. Kd1 Kc7
54. Be8+ Kc8 55. Bd7+ Kd8 56. Rg8+ Ke7 57. Re8+ Kd6 58. Re6+ Kc7 59. Re7 Rxb3 0-1

[Event "85th ch-St Petersburg SF"]
[Site "St Petersburg RUS"]
[Date "2012.02.04"]
[Round "8.4"]
[White "Usmanov,V"]
[Black "Monin,N"]
[Result "1-0"]
[BlackTitle "IM"]
[WhiteElo "2315"]
[BlackElo "2360"]
[WhiteFideId "4135741"]
[BlackFideId "4104013"]
[EventDate "2012.01.28"]

1. d4 Nf6 2. g3 d5 3. c4 dxc4 4. Nf3 Nc6 5. Bg2 e5 6. Qa4 exd4 7. Ne5 Bd7 8.
Nxc6 bxc6 9. Bxc6 Rb8 10. Qxc4 Bb4+ 11. Bd2 Bxd2+ 12. Nxd2 Rxb2 13. Bf3 Be6 14.
Qa4+ Nd7 15. Qxd4 Qf6 16. Qxf6 gxf6 17. Ne4 Ke7 18. Nc3 Rhb8 19. O-O Ne5 20. Be4
f5 21. Bg2 Rc2 22. Rfc1 Rbb2 23. a4 Bc4 24. Nd1 Ra2 25. Ne3 Rxc1+ 26. Rxc1 Bxe2
27. Nxf5+ Kf6 28. Nd4 Bd3 29. Nb5 c5 30. Nc3 Ra3 31. f4 Ng4 32. Nd5+ Kg7 33. h3
Nf6 34. Rxc5 Ne4 35. Bxe4 Bxe4 36. Nc3 Bd3 37. Kf2 Ra1 38. Rg5+ Kf8 39. Ra5 a6
40. Ke3 Bf1 41. h4 h6 42. Rc5 Kg7 43. Rc7 Bh3 44. Rc6 Bf1 45. g4 Rc1 46. Kd2 Ra1
47. g5 hxg5 48. hxg5 Ra3 49. Rb6 Bc4 50. Rc6 Bf1 51. Rh6 Rb3 52. f5 Kg8 53. Kc2
Rb7 54. Nd5 Bc4 55. Nf6+ Kf8 56. Kc3 Rc7 57. Kd4 Ke7 58. Rh1 Rc6 59. Rc1 Rd6+
60. Kc5 Be2 61. Re1 Rd2 62. Nd5+ Kd8 63. Nc3 Bg4 64. f6 Bf5 65. Re5 Bc2 66. a5
Rd7 67. Nd5 Rb7 68. Kc6 Rb2 69. Nb6 Bg6 70. Rd5+ Ke8 71. Rc5 Be4+ 72. Kc7 Rb5
73. Rxb5 axb5 74. a6 b4 75. Kd6 b3 76. Nd5 Bxd5 77. Kxd5 b2 78. a7 b1=Q 79.
a8=Q+ Kd7 80. Qc6+ Kd8 81. Qd6+ 1-0

[Event "85th ch-St Petersburg SF"]
[Site "St Petersburg RUS"]
[Date "2012.02.04"]
[Round "8.5"]
[White "Barhudarian,R"]
[Black "Solovyov,V"]
[Result "1-0"]
[WhiteTitle "FM"]
[WhiteElo "2333"]
[BlackElo "2293"]
[WhiteFideId "4182685"]
[BlackFideId "4102754"]
[EventDate "2012.01.28"]

1. e4 e5 2. Nf3 Nc6 3. Bb5 Nf6 4. Bxc6 dxc6 5. d3 Bc5 6. Nbd2 Bg4 7. h3 Bxf3 8.
Qxf3 Nd7 9. Nc4 Qe7 10. O-O f6 11. a3 a5 12. Be3 O-O 13. Qg4 Rfd8 14. a4 Nf8 15.
Kh1 Bxe3 16. Nxe3 Ne6 17. g3 Re8 18. f4 Qc5 19. Rae1 Rad8 20. Nf5 g6 21. Ne3
exf4 22. gxf4 Ng7 23. f5 g5 24. h4 h6 25. Qg2 Kf7 26. Ng4 Rh8 27. e5 Nh5 28.
exf6 Nxf6 29. Re6 Nxg4 30. Qxg4 Qd5+ 31. Kh2 Qd4 32. Qh5+ Kf8 33. Rxh6 Qe5+ 34.
Kh1 Qd5+ 35. Kg1 Qd4+ 36. Rf2 Rg8 37. Rg6 Rh8 38. Rh6 Rg8 39. hxg5 Qxb2 40. Rh7
Qc1+ 41. Kh2 1-0

[Event "85th ch-St Petersburg SF"]
[Site "St Petersburg RUS"]
[Date "2012.02.04"]
[Round "8.6"]
[White "Shpartko,G"]
[Black "Bazeev,G"]
[Result "1-0"]
[WhiteElo "2129"]
[BlackElo "2315"]
[WhiteFideId "24122254"]
[BlackFideId "24119350"]
[EventDate "2012.01.28"]

1. d4 d5 2. c4 e6 3. Nc3 Be7 4. Bf4 Nf6 5. c5 c6 6. Nf3 O-O 7. e3 Nh5 8. Be5 Nd7
9. g4 Nhf6 10. Bd3 Nxe5 11. Nxe5 Nd7 12. Nxd7 Bxd7 13. Qc2 g6 14. f4 b6 15. b4
a5 16. Na4 bxc5 17. bxc5 Bh4+ 18. Kd2 e5 19. fxe5 Qg5 20. Be2 Rae8 21. Raf1 f6
22. Nb6 Be6 23. Qa4 fxe5 24. Qxc6 exd4 25. Rxf8+ Kxf8 26. Rf1+ Bf5 27. Nxd5 Rxe3
28. Rf4 Ra3 29. gxf5 Rxa2+ 30. Kd3 Kg7 31. f6+ Kh6 32. f7 1-0

[Event "85th ch-St Petersburg SF"]
[Site "St Petersburg RUS"]
[Date "2012.02.04"]
[Round "8.7"]
[White "Donskov,Ana"]
[Black "Golovankov,V"]
[Result "1-0"]
[WhiteTitle "FM"]
[WhiteElo "2306"]
[BlackElo "2288"]
[WhiteFideId "24143413"]
[BlackFideId "4129423"]
[EventDate "2012.01.28"]

1. e4 e5 2. Nf3 d6 3. d4 Nd7 4. Nc3 Ngf6 5. Bc4 Be7 6. O-O O-O 7. Re1 c6 8. a4
b6 9. Ba2 a6 10. h3 Rb8 11. dxe5 dxe5 12. Nh4 Nc5 13. Qf3 Qc7 14. Nf5 Re8 15.
Qg3 Bxf5 16. exf5 Bf8 17. Bg5 Kh8 18. Qh4 Ng8 19. Qh5 g6 20. fxg6 fxg6 21. Qg4
Nh6 22. Bf6+ Bg7 23. Qg5 Nf5 24. Rad1 Nd4 25. f4 Nxc2 26. Rxe5 Rxe5 27. fxe5 Rf8
28. a5 Nb4 29. axb6 Bxf6 30. Qxf6+ Qg7 31. Qd6 Nxa2 32. Qxc5 Nxc3 33. bxc3 Re8
34. e6 Qf6 35. Qxc6 Rxe6 36. Qc8+ Kg7 37. Rf1 Qe7 38. b7 Re1 1-0

[Event "85th ch-St Petersburg SF"]
[Site "St Petersburg RUS"]
[Date "2012.02.04"]
[Round "8.8"]
[White "Vunder,A"]
[Black "Duzhakov,I"]
[Result "0-1"]
[BlackTitle "FM"]
[WhiteElo "2271"]
[BlackElo "2303"]
[WhiteFideId "4128338"]
[BlackFideId "4192516"]
[EventDate "2012.01.28"]

1. d4 Nf6 2. Nf3 g6 3. Bg5 Ne4 4. Bh4 Bg7 5. Nbd2 d5 6. e3 c5 7. c3 Nc6 8. Be2
O-O 9. O-O Qb6 10. Qb3 Nxd2 11. Nxd2 e5 12. dxe5 Nxe5 13. Nf3 Nc4 14. Bxc4 dxc4
15. Qc2 Qc6 16. Nd2 Re8 17. e4 f5 18. Rae1 b5 19. f3 Bh6 20. Re2 Qd6 21. Rfe1
Qd3 22. Nf1 fxe4 23. fxe4 Bg4 24. Rf2 Rac8 25. h3 Bf5 26. Ng3 Be6 27. Nf1 Bf5
28. Ng3 Be6 29. Nf1 Rf8 30. Rfe2 Rf4 31. Bf2 Rcf8 32. Bxc5 R8f7 33. Rd1 Rd7 34.
Bd4 Qxc2 35. Rxc2 Rxe4 36. Ng3 Re3 37. Re2 Bxh3 38. Bxe3 Bxe3+ 39. Rxe3 Rxd1+
40. Kh2 Bd7 41. Re7 Bc6 42. Rc7 Bd5 43. Rd7 Rd3 44. Ne2 Bxg2 45. Rxa7 Rd2 46.
Nf4 Bd5+ 47. Kg3 Bf7 48. Nh3 Rd3+ 49. Kh4 h6 50. Nf2 Rf3 51. Nh3 Re3 52. Rb7 Kg7
53. Rxb5 Kf6 54. Rb6+ Be6 55. Nf2 Kf5 56. Rb8 Kf4 0-1

[Event "85th ch-St Petersburg SF"]
[Site "St Petersburg RUS"]
[Date "2012.02.04"]
[Round "8.9"]
[White "Pershin,Denis"]
[Black "Ganichev,Alex"]
[Result "1-0"]
[WhiteElo "2096"]
[BlackElo "2275"]
[WhiteFideId "24165506"]
[BlackFideId "24143944"]
[EventDate "2012.01.28"]

1. e4 c5 2. Nf3 e6 3. d4 cxd4 4. Nxd4 Nf6 5. Nc3 d6 6. g4 h6 7. g5 hxg5 8. Bxg5
Be7 9. Qd2 Nc6 10. O-O-O Qb6 11. Ndb5 O-O 12. Rg1 Rd8 13. Qf4 Ne8 14. Qh4 f6 15.
Bh6 Ne5 16. Bxg7 Nxg7 17. Qh6 Bf8 18. Qxf6 a6 19. Na4 Qa5 20. Nxd6 Rxd6 21. Rxd6
Nf7 22. Rd3 Qe5 23. Qxe5 Nxe5 24. Rdg3 Kf7 25. Nb6 Rb8 26. Rc3 Nc6 27. Bxa6 Ne7
28. Nxc8 bxa6 29. Nxe7 Bxe7 30. Rc7 Ne8 31. Rc3 Nd6 32. Rf3+ 1-0

[Event "85th ch-St Petersburg SF"]
[Site "St Petersburg RUS"]
[Date "2012.02.04"]
[Round "8.10"]
[White "Kitsis,A"]
[Black "Vorobjev,D"]
[Result "1/2-1/2"]
[WhiteElo "2195"]
[BlackElo "2223"]
[WhiteFideId "4184025"]
[BlackFideId "24112178"]
[EventDate "2012.01.28"]

1. d4 d5 2. Nc3 Nf6 3. Bg5 Bf5 4. e3 c6 5. Bd3 Bxd3 6. Qxd3 Nbd7 7. Nf3 e6 8.
O-O Be7 9. Rab1 h6 10. Bxf6 Bxf6 11. e4 O-O 12. Nd2 a5 13. e5 Be7 14. Ne2 c5 15.
c3 c4 16. Qh3 b5 17. f4 Qb6 18. Kh1 f5 19. g4 fxg4 20. Qxg4 Rf7 21. Ng3 Raf8 22.
f5 exf5 23. Nxf5 Qe6 24. Nxe7+ Rxe7 25. Qxe6+ Rxe6 26. Rxf8+ Kxf8 27. Nf1 b4 28.
Ne3 Nb6 29. b3 cxb3 30. Rxb3 Rc6 31. cxb4 Rc1+ 32. Kg2 a4 33. Rd3 Rb1 34. a3 Rb3
35. Rxb3 axb3 36. Nd1 Na4 37. b5 Ke7 38. Nb2 Nb6 39. a4 Nc4 40. Nd3 Kd8 41. Kf3
b2 42. Nxb2 Nxb2 43. a5 Nc4 44. a6 Kc7 45. Kf4 g6 46. h3 Kd7 47. h4 Kc7 48. Kf3
Nb6 49. Kf4 Nc8 50. e6 Kd6 51. e7 Kxe7 52. Ke5 Nb6 53. a7 g5 54. hxg5 hxg5 55.
Kf5 Kd6 56. Kxg5 Kc7 57. Kf6 Kb7 58. Ke7 Kxa7 59. Ke6 Kb8 60. Ke7 Kc8 61. Kd6
Kb7 62. Ke5 Kc7 63. Ke6 Kc8 64. Kd6 Kb7 65. Ke5 Kc8 66. Kd6 Kb8 67. Kc6 Ka7 68.
Kc5 Kb7 69. Kd6 Kb8 70. Kc6 Ka7 71. Kc5 Kb7 72. Kd6 Kb8 73. Kc6 1/2-1/2